000 00513nam a2200181Ia 4500
003 GCL
008 140319s9999 xx 000 0 eng d
040 _aGCL /
_cGCL
082 0 4 _a665.503
_bM D
100 1 _aMESBAH, ABDEL-AZIZ
245 1 0 _aDICTIONARY OF PETROLEUM: ENGLISH - ARABIC /
_cMESBAH, ABDEL-AZIZ
260 _a[S.N] :
_bABDEL AZIZ MESBAH ،
_c1996
300 _a457 P
650 0 4 _aPETROLEUM ENGINEERING - DICTIONARY
650 0 4 _aPETROLEUM
650 0 4 _aPETROLEUM - DICTIONARY
942 _2ddc
_cBK
999 _c15941
_d15941